세계 지도 그리기 - Statistics

General Stats
  • This quiz has been taken 9 times
  • The average score is 167 of 799
Answers on the Map
Answers color-coded by a green-red scale on the quiz's map according to % correct below.
 
Answer Stats
경계 % Correct
중국-북한
100%
중국-베트남
71%
북한-동해
71%
북한-대한민국
71%
대한민국-동해
71%
캄보디아-베트남
57%
중국-동중국해
57%
중국-몽골
57%
중국-러시아
57%
프랑스-독일
57%
프랑스-스페인
57%
일본-태평양
57%
몽골-러시아
57%
북한-러시아
57%
북한-황해
57%
포르투갈-스페인
57%
대한민국-동중국해
57%
대한민국-황해
57%
안도라-프랑스
43%
안도라-스페인
43%
방글라데시-인도
43%
벨기에-프랑스
43%
캄보디아-태국
43%
캐나다-태평양
43%
캐나다-미국
43%
중국-인도
43%
중국-네팔
43%
중국-남중국해
43%
중국-황해
43%
프랑스-대서양
43%
인도-네팔
43%
인도-파키스탄
43%
이탈리아-지중해
43%
일본-동해
43%
멕시코-멕시코만
43%
멕시코-태평양
43%
멕시코-미국
43%
필리핀-태평양
43%
포르투갈-대서양
43%
스페인-대서양
43%
스페인-지중해
43%
대만-남중국해
43%
영국-대서양
43%
미국-대서양
43%
미국-멕시코만
43%
미국-태평양
43%
베트남-남중국해
43%
아프가니스탄-중국
29%
아프가니스탄-이란
29%
아프가니스탄-파키스탄
29%
아프가니스탄-타지키스탄
29%
아프가니스탄-투르크메니스탄
29%
아프가니스탄-우즈베키스탄
29%
알바니아-아드리아해
29%
알바니아-코소보
29%
알바니아-북마케도니아
29%
알바니아-몬테네그로
29%
알제리-리비아
29%
알제리-튀니지
29%
앙골라-대서양
29%
앙골라-콩고민주공화국
29%
앙골라-콩고공화국
29%
아르헨티나-대서양
29%
아르헨티나-볼리비아
29%
아르헨티나-브라질
29%
아르헨티나-칠레
29%
아르헨티나-파라과이
29%
아르헨티나-우루과이
29%
아르메니아-아제르바이잔
29%
아르메니아-조지아
29%
오스트리아-체코
29%
오스트리아-독일
29%
오스트리아-헝가리
29%
오스트리아-스위스
29%
아제르바이잔-카스피해
29%
아제르바이잔-조지아
29%
아제르바이잔-이란
29%
아제르바이잔-러시아
29%
방글라데시-벵골만
29%
벨라루스-라트비아
29%
벨라루스-리투아니아
29%
벨라루스-폴란드
29%
벨라루스-러시아
29%
벨라루스-우크라이나
29%
벨기에-룩셈부르크
29%
벨기에-네덜란드
29%
벨기에-북해
29%
부탄-중국
29%
부탄-인도
29%
볼리비아-브라질
29%
볼리비아-칠레
29%
볼리비아-파라과이
29%
볼리비아-페루
29%
보스니아헤르체고비나-아드리아해
29%
보스니아헤르체고비나-크로아티아
29%
보스니아헤르체고비나-몬테네그로
29%
보츠와나-남아프리카공화국
29%
브라질-대서양
29%
브라질-콜롬비아
29%
브라질-프랑스
29%
브라질-가이아나
29%
브라질-파라과이
29%
브라질-페루
29%
브라질-수리남
29%
브라질-우루과이
29%
브라질-베네수엘라
29%
불가리아-흑해
29%
불가리아-그리스
29%
불가리아-북마케도니아
29%
불가리아-루마니아
29%
불가리아-튀르키예
29%
캄보디아-라오스
29%
캐나다-북극해
29%
캐나다-대서양
29%
중앙아프리카공화국-콩고민주공화국
29%
중앙아프리카공화국-콩고공화국
29%
차드-수단
29%
칠레-태평양
29%
칠레-페루
29%
중국-카자흐스탄
29%
중국-키르기스스탄
29%
중국-미얀마
29%
중국-파키스탄
29%
중국-타지키스탄
29%
콜롬비아-에콰도르
29%
콜롬비아-태평양
29%
콜롬비아-파나마
29%
콜롬비아-페루
29%
콜롬비아-베네수엘라
29%
크로아티아-아드리아해
29%
크로아티아-몬테네그로
29%
크로아티아-세르비아
29%
쿠바-대서양
29%
쿠바-멕시코만
29%
체코-독일
29%
체코-폴란드
29%
체코-슬로바키아
29%
덴마크-발트해
29%
덴마크-독일
29%
지부티-에티오피아
29%
지부티-홍해
29%
도미니카-대서양
29%
도미니카공화국-대서양
29%
도미니카공화국-아이티
29%
콩고민주공화국-르완다
29%
에콰도르-태평양
29%
에콰도르-페루
29%
이집트-이스라엘
29%
이집트-리비아
29%
이집트-홍해
29%
이집트-수단
29%
적도기니-기니만
29%
에리트레아-에티오피아
29%
에리트레아-홍해
29%
에스토니아-발트해
29%
에스토니아-라트비아
29%
에스토니아-러시아
29%
에티오피아-케냐
29%
에티오피아-소말리아
29%
핀란드-스웨덴
29%
프랑스-비스케이만
29%
프랑스-영국해협
29%
프랑스-룩셈부르크
29%
프랑스-모나코
29%
프랑스-네덜란드
29%
프랑스-수리남
29%
가봉-기니만
29%
조지아-흑해
29%
조지아-러시아
29%
독일-발트해
29%
독일-폴란드
29%
독일-스위스
29%
그리스-에게해
29%
그리스-이오니아해
29%
그리스-북마케도니아
29%
가이아나-대서양
29%
가이아나-수리남
29%
가이아나-베네수엘라
29%
아이티-대서양
29%
헝가리-세르비아
29%
헝가리-슬로바키아
29%
헝가리-우크라이나
29%
인도-아라비아해
29%
인도-벵골만
29%
인도-라카다이브해
29%
인도-미얀마
29%
이란-카스피해
29%
이란-오만만
29%
이란-이라크
29%
이란-파키스탄
29%
이란-페르시아만
29%
이란-튀르키예
29%
이란-투르크메니스탄
29%
이라크-요르단
29%
이라크-사우디아라비아
29%
이라크-시리아
29%
아일랜드-대서양
29%
아일랜드-아일랜드해
29%
아일랜드-영국
29%
이스라엘-요르단
29%
이탈리아-아드리아해
29%
이탈리아-이오니아해
29%
이탈리아-리구리아해
29%
이탈리아-슬로베니아
29%
이탈리아-스위스
29%
이탈리아-티레니아해
29%
일본-동중국해
29%
일본-필리핀해
29%
일본-오호츠크해
29%
요르단-시리아
29%
카자흐스탄-카스피해
29%
카자흐스탄-키르기스스탄
29%
카자흐스탄-러시아
29%
카자흐스탄-투르크메니스탄
29%
카자흐스탄-우즈베키스탄
29%
케냐-소말리아
29%
쿠웨이트-페르시아만
29%
키르기스스탄-우즈베키스탄
29%
라오스-태국
29%
라오스-베트남
29%
라트비아-발트해
29%
라트비아-러시아
29%
레바논-시리아
29%
레소토-남아프리카공화국
29%
리투아니아-발트해
29%
리투아니아-폴란드
29%
리투아니아-러시아
29%
북마케도니아-코소보
29%
마다가스카르-모잠비크해협
29%
말레이시아-태국
29%
말리-모리타니
29%
말리-니제르
29%
말리-세네갈
29%
모리타니-대서양
29%
모리타니-모로코
29%
몰도바-루마니아
29%
몰도바-우크라이나
29%
몬테네그로-아드리아해
29%
몬테네그로-세르비아
29%
모로코-대서양
29%
모로코-스페인
29%
모잠비크-모잠비크해협
29%
모잠비크-남아프리카공화국
29%
미얀마-벵골만
29%
나미비아-대서양
29%
나미비아-남아프리카공화국
29%
네덜란드-북해
29%
뉴질랜드-태평양
29%
니제르-나이지리아
29%
노르웨이-바렌츠해
29%
노르웨이-북해
29%
노르웨이-노르웨이해
29%
노르웨이-스웨덴
29%
오만-아라비아해
29%
오만-오만만
29%
오만-사우디아라비아
29%
오만-아랍에미리트
29%
오만-예멘
29%
파키스탄-아라비아해
29%
파나마-태평양
29%
페루-태평양
29%
필리핀-술라웨시해
29%
필리핀-필리핀해
29%
필리핀-남중국해
29%
필리핀-술루해
29%
폴란드-발트해
29%
폴란드-슬로바키아
29%
폴란드-우크라이나
29%
카타르-페르시아만
29%
카타르-사우디아라비아
29%
콩고공화국-가봉
29%
루마니아-흑해
29%
러시아-발트해
29%
러시아-바렌츠해
29%
러시아-흑해
29%
러시아-카스피해
29%
러시아-동시베리아해
29%
러시아-카라해
29%
러시아-랍테프해
29%
러시아-태평양
29%
러시아-동해
29%
러시아-오호츠크해
29%
러시아-우크라이나
29%
사우디아라비아-페르시아만
29%
사우디아라비아-홍해
29%
사우디아라비아-아랍에미리트
29%
사우디아라비아-예멘
29%
세르비아-코소보
29%
슬로베니아-아드리아해
29%
소말리아-아덴만
29%
남아프리카공화국-대서양
29%
남아프리카공화국-짐바브웨
29%
남수단-수단
29%
스페인-발레아레스해
29%
스페인-비스케이만
29%
스페인-영국
29%
스리랑카-벵골만
29%
스리랑카-라카다이브해
29%
수단-홍해
29%
수리남-대서양
29%
스웨덴-발트해
29%
시리아-튀르키예
29%
대만-동중국해
29%
타지키스탄-우즈베키스탄
29%
태국-타이만
29%
토고-기니만
29%
튀니지-지중해
29%
튀르키예-에게해
29%
튀르키예-흑해
29%
투르크메니스탄-카스피해
29%
투르크메니스탄-우즈베키스탄
29%
우크라이나-흑해
29%
아랍에미리트-오만만
29%
영국-아일랜드해
29%
영국-북해
29%
우루과이-대서양
29%
베네수엘라-대서양
29%
알바니아-그리스
14%
알바니아-이오니아해
14%
알제리-알보란해
14%
알제리-말리
14%
알제리-모리타니
14%
알제리-지중해
14%
알제리-모로코
14%
알제리-니제르
14%
앙골라-나미비아
14%
앙골라-잠비아
14%
앤티가바부다-대서양
14%
앤티가바부다-카리브해
14%
아르헨티나-아르헨티나해
14%
아르헨티나-리오데라플라타
14%
아르메니아-이란
14%
아르메니아-튀르키예
14%
호주-아라푸라해
14%
호주-배스해협
14%
호주-산호해
14%
호주-대호주만
14%
호주-카펜타리아만
14%
호주-인도양
14%
호주-스펜서만
14%
호주-세인트빈센트만
14%
호주-태즈먼해
14%
호주-티모르해
14%
오스트리아-이탈리아
14%
오스트리아-리히텐슈타인
14%
오스트리아-슬로바키아
14%
오스트리아-슬로베니아
14%
아제르바이잔-튀르키예
14%
바하마-대서양
14%
바레인-페르시아만
14%
바레인-사우디아라비아
14%
방글라데시-미얀마
14%
바베이도스-대서양
14%
바베이도스-카리브해
14%
벨기에-독일
14%
벨리즈-카리브해
14%
벨리즈-과테말라
14%
벨리즈-멕시코
14%
베냉-부르키나파소
14%
베냉-기니만
14%
베냉-니제르
14%
베냉-나이지리아
14%
베냉-토고
14%
볼리비아-티티카카호
14%
보스니아헤르체고비나-세르비아
14%
보츠와나-나미비아
14%
보츠와나-짐바브웨
14%
브루나이-말레이시아
14%
브루나이-남중국해
14%
불가리아-세르비아
14%
부르키나파소-가나
14%
부르키나파소-코트디부아르
14%
부르키나파소-말리
14%
부르키나파소-니제르
14%
부르키나파소-토고
14%
부룬디-콩고민주공화국
14%
부룬디-탕가니카호
14%
부룬디-르완다
14%
부룬디-탄자니아
14%
캄보디아-타이만
14%
카메룬-중앙아프리카공화국
14%
카메룬-차드
14%
카메룬-적도기니
14%
카메룬-가봉
14%
카메룬-기니만
14%
카메룬-나이지리아
14%
카메룬-콩고공화국
14%
캐나다-아문센만
14%
캐나다-배핀만
14%
캐나다-펀디만
14%
캐나다-보퍼트해
14%
캐나다-코러네이션만
14%
캐나다-데이비스해협
14%
캐나다-덴마크
14%
캐나다-메인만
14%
캐나다-세인트로렌스만
14%
캐나다-허드슨만
14%
캐나다-허드슨해협
14%
캐나다-제임스만
14%
캐나다-래브라도해
14%
캐나다-이리호
14%
캐나다-휴런호
14%
캐나다-우즈호
14%
캐나다-온타리오호
14%
캐나다-세인트클레어호
14%
캐나다-슈퍼리어호
14%
캐나다-북서항로
14%
캐나다-살리시해
14%
캐나다-언게이바만
14%
카보베르데-대서양
14%
중앙아프리카공화국-차드
14%
중앙아프리카공화국-남수단
14%
중앙아프리카공화국-수단
14%
차드-리비아
14%
차드-니제르
14%
차드-나이지리아
14%
칠레-마젤란해협
14%
중국-발해만
14%
중국-통킹만
14%
중국-항저우만
14%
중국-라오스
14%
중국-대만해협
14%
콜롬비아-카리브해
14%
코모로-모잠비크해협
14%
코스타리카-카리브해
14%
코스타리카-니카라과
14%
코스타리카-태평양
14%
코스타리카-파나마
14%
크로아티아-헝가리
14%
크로아티아-슬로베니아
14%
쿠바-카리브해
14%
키프로스-레반트해
14%
키프로스-영국
14%
덴마크-북극해
14%
덴마크-대서양
14%
덴마크-배핀만
14%
덴마크-데이비스해협
14%
덴마크-그린란드해
14%
덴마크-카테가트해협
14%
덴마크-래브라도해
14%
덴마크-북해
14%
덴마크-노르웨이해
14%
덴마크-스카게라크해협
14%
지부티-에리트레아
14%
지부티-아덴만
14%
지부티-소말리아
14%
도미니카-카리브해
14%
도미니카공화국-카리브해
14%
콩고민주공화국-대서양
14%
콩고민주공화국-앨버트호
14%
콩고민주공화국-에드워드호
14%
콩고민주공화국-키부호
14%
콩고민주공화국-므웨루호
14%
콩고민주공화국-탕가니카호
14%
콩고민주공화국-남수단
14%
콩고민주공화국-우간다
14%
콩고민주공화국-잠비아
14%
동티모르-반다해
14%
동티모르-사우해
14%
동티모르-티모르해
14%
이집트-아카바만
14%
이집트-수에즈만
14%
이집트-레반트해
14%
엘살바도르-과테말라
14%
엘살바도르-온두라스
14%
엘살바도르-태평양
14%
적도기니-가봉
14%
에리트레아-수단
14%
에스토니아-핀란드해
14%
에스토니아-리가만
14%
에스토니아-페이푸스호
14%
에스와티니-모잠비크
14%
에스와티니-남아프리카공화국
14%
에티오피아-투르카나호
14%
에티오피아-남수단
14%
에티오피아-수단
14%
피지-태평양
14%
핀란드-발트해
14%
핀란드-보트니아만
14%
핀란드-핀란드만
14%
핀란드-노르웨이
14%
핀란드-러시아
14%
프랑스-산호해
14%
프랑스-세인트로렌스만
14%
프랑스-인도양
14%
프랑스-이탈리아
14%
프랑스-리구리아해
14%
프랑스-지중해
14%
프랑스-모잠비크해협
14%
프랑스-북해
14%
프랑스-태평양
14%
프랑스-스위스
14%
프랑스-티레니아해
14%
가봉-대서양
14%
감비아-대서양
14%
감비아-세네갈
14%
조지아-튀르키예
14%
독일-룩셈부르크
14%
독일-네덜란드
14%
독일-북해
14%
가나-기니만
14%
가나-토고
14%
그리스-레반트해
14%
그리스-리비아해
14%
그레나다-대서양
14%
그레나다-카리브해
14%
과테말라-온두라스
14%
과테말라-멕시코
14%
과테말라-태평양
14%
기니-대서양
14%
기니-기니비사우
14%
기니-라이베리아
14%
기니-말리
14%
기니-세네갈
14%
기니-시에라리온
14%
기니비사우-대서양
14%
기니비사우-세네갈
14%
아이티-카리브해
14%
온두라스-카리브해
14%
온두라스-니카라과
14%
온두라스-태평양
14%
헝가리-루마니아
14%
헝가리-슬로베니아
14%
아이슬란드-대서양
14%
아이슬란드-그린란드해
14%
인도-안다만해
14%
인도-캄바트만
14%
인도-쿠치만
14%
인도네시아-안다만해
14%
인도네시아-아라푸라해
14%
인도네시아-반다해
14%
인도네시아-술라웨시해
14%
인도네시아-츤드라와시만
14%
인도네시아-스람해
14%
인도네시아-동티모르
14%
인도네시아-플로레스해
14%
인도네시아-보니만
14%
인도네시아-토미니만
14%
인도네시아-할마헤라해
14%
인도네시아-인도양
14%
인도네시아-자바해
14%
인도네시아-마카사르해협
14%
인도네시아-말라카해협
14%
인도네시아-말레이시아
14%
인도네시아-몰루카해
14%
인도네시아-태평양
14%
인도네시아-파푸아뉴기니
14%
인도네시아-사우해
14%
인도네시아-남중국해
14%
인도네시아-티모르해
14%
이란-호르무즈해협
14%
이라크-쿠웨이트
14%
이라크-페르시아만
14%
이라크-튀르키예
14%
아일랜드-켈트해
14%
이스라엘-사해
14%
이스라엘-아카바만
14%
이스라엘-레바논
14%
이스라엘-레반트해
14%
이스라엘-시리아
14%
이탈리아-리비아해
14%
이탈리아-산마리노
14%
이탈리아-바티칸
14%
코트디부아르-가나
14%
코트디부아르-기니
14%
코트디부아르-기니만
14%
코트디부아르-라이베리아
14%
코트디부아르-말리
14%
자메이카-카리브해
14%
일본-도쿄만
14%
요르단-사해
14%
요르단-아카바만
14%
요르단-사우디아라비아
14%
카자흐스탄-아랄해
14%
케냐-인도양
14%
케냐-투르카나호
14%
케냐-빅토리아호
14%
케냐-남수단
14%
케냐-탄자니아
14%
케냐-우간다
14%
키리바시-태평양
14%
코소보-몬테네그로
14%
쿠웨이트-사우디아라비아
14%
키르기스스탄-타지키스탄
14%
라오스-미얀마
14%
라트비아-리가만
14%
라트비아-리투아니아
14%
레바논-레반트해
14%
라이베리아-대서양
14%
라이베리아-시에라리온
14%
리비아-레반트해
14%
리비아-리비아해
14%
리비아-니제르
14%
리비아-수단
14%
리비아-튀니지
14%
리히텐슈타인-스위스
14%
마다가스카르-인도양
14%
말라위-말라위호
14%
말라위-모잠비크
14%
말라위-탄자니아
14%
말라위-잠비아
14%
말레이시아-술라웨시해
14%
말레이시아-말라카해협
14%
말레이시아-남중국해
14%
말레이시아-술루해
14%
몰디브-인도양
14%
몰디브-라카다이브해
14%
몰타-리비아해
14%
마셜제도-태평양
14%
모리타니-세네갈
14%
모리셔스-인도양
14%
멕시코-캄페체만
14%
멕시코-카리브해
14%
멕시코-캘리포니아만
14%
미크로네시아-태평양
14%
미크로네시아-필리핀해
14%
모나코-리구리아해
14%
모로코-알보란해
14%
모잠비크-인도양
14%
모잠비크-말라위호
14%
모잠비크-탄자니아
14%
모잠비크-잠비아
14%
모잠비크-짐바브웨
14%
미얀마-안다만해
14%
미얀마-태국
14%
나미비아-잠비아
14%
나우루-태평양
14%
네덜란드-대서양
14%
네덜란드-카리브해
14%
뉴질랜드-쿡해협
14%
뉴질랜드-태즈먼해
14%
니카라과-카리브해
14%
니카라과-태평양
14%
나이지리아-기니만
14%
노르웨이-북극해
14%
노르웨이-대서양
14%
노르웨이-그린란드해
14%
노르웨이-스카게라크해협
14%
오만-호르무즈해협
14%
파키스탄-오만만
14%
팔라우-태평양
14%
팔라우-필리핀해
14%
파나마-카리브해
14%
파나마-파나마만
14%
파푸아뉴기니-아라푸라해
14%
파푸아뉴기니-비스마르크해
14%
파푸아뉴기니-산호해
14%
파푸아뉴기니-태평양
14%
파푸아뉴기니-솔로몬해
14%
페루-티티카카호
14%
폴란드-러시아
14%
콩고공화국-대서양
14%
콩고공화국-콩고민주공화국
14%
루마니아-세르비아
14%
루마니아-우크라이나
14%
러시아-아나바르만
14%
러시아-베링해
14%
러시아-부오르하야만
14%
러시아-초샤만
14%
러시아-추크치해
14%
러시아-아나디르만
14%
러시아-핀란드만
14%
러시아-오비만
14%
러시아-할몌르만
14%
러시아-콜리마만
14%
러시아-콜류친스카야만
14%
러시아-페이푸스호
14%
러시아-페초라해
14%
러시아-아조프해
14%
러시아-셸리호프만
14%
러시아-타르타르해협
14%
러시아-타즈강하구
14%
러시아-백해
14%
러시아-야나만
14%
르완다-키부호
14%
르완다-탄자니아
14%
르완다-우간다
14%
사모아-태평양
14%
상투메프린시페-기니만
14%
사우디아라비아-아카바만
14%
세네갈-대서양
14%
세이셸-인도양
14%
시에라리온-대서양
14%
싱가포르-남중국해
14%
슬로바키아-우크라이나
14%
솔로몬제도-산호해
14%
솔로몬제도-태평양
14%
솔로몬제도-솔로몬해
14%
소말리아-인도양
14%
남아프리카공화국-인도양
14%
남수단-우간다
14%
스페인-알보란해
14%
스리랑카-인도양
14%
세인트킷츠네비스-대서양
14%
세인트킷츠네비스-카리브해
14%
세인트루시아-대서양
14%
세인트루시아-카리브해
14%
세인트빈센트그레나딘-대서양
14%
세인트빈센트그레나딘-카리브해
14%
스웨덴-보트니아만
14%
스웨덴-카테가트해협
14%
스웨덴-스카게라크해협
14%
시리아-레반트해
14%
대만-필리핀해
14%
대만-대만해협
14%
탄자니아-인도양
14%
탄자니아-말라위호
14%
탄자니아-탕가니카호
14%
탄자니아-빅토리아호
14%
탄자니아-우간다
14%
탄자니아-잠비아
14%
태국-안다만해
14%
태국-말라카해협
14%
통가-태평양
14%
트리니다드토바고-대서양
14%
트리니다드토바고-카리브해
14%
튀니지-리비아해
14%
튀르키예-레반트해
14%
튀르키예-마르마라해
14%
투르크메니스탄-카라보가스괼만
14%
투르크메니스탄-사리가미시호
14%
투발루-태평양
14%
우간다-앨버트호
14%
우간다-에드워드호
14%
우간다-빅토리아호
14%
우크라이나-아조프해
14%
아랍에미리트-페르시아만
14%
영국-알보란해
14%
영국-아르헨티나해
14%
영국-브리스톨해협
14%
영국-카디건만
14%
영국-켈트해
14%
영국-영국해협
14%
영국-인도양
14%
영국-레반트해
14%
영국-태평양
14%
영국-사르가소해
14%
미국-펀디만
14%
미국-보퍼트해
14%
미국-베링해
14%
미국-카리브해
14%
미국-체사피크만
14%
미국-추크치해
14%
미국-쿡후미
14%
미국-델라웨어만
14%
미국-알래스카만
14%
미국-메인만
14%
미국-코체부만
14%
미국-이리호
14%
미국-휴런호
14%
미국-미시건호
14%
미국-우즈호
14%
미국-온타리오호
14%
미국-세인트클레어호
14%
미국-슈퍼리어호
14%
미국-롱아일랜드만
14%
미국-모빌만
14%
미국-노턴만
14%
미국-필리핀해
14%
미국-살리시해
14%
미국-샌프란시스코만
14%
우루과이-리오데라플라타
14%
우즈베키스탄-아랄해
14%
우즈베키스탄-사리가미시호
14%
바누아투-산호해
14%
바누아투-태평양
14%
베네수엘라-카리브해
14%
베네수엘라-베네수엘라만
14%
베네수엘라-마라카이보호
14%
베트남-타이만
14%
베트남-통킹만
14%
예멘-아라비아해
14%
예멘-아덴만
14%
예멘-인도양
14%
예멘-홍해
14%
잠비아-카리바호
14%
잠비아-므웨루호
14%
잠비아-탕가니카호
14%
잠비아-짐바브웨
14%
짐바브웨-카리바호
14%
보츠와나-잠비아
0%
칠레-대서양
0%
중국-주강삼각주
0%
프랑스-카리브해
0%
프랑스-켈트해
0%
그리스-튀르키예
0%
과테말라-카리브해
0%
북마케도니아-세르비아
0%
노르웨이-러시아
0%
러시아-바이다라츠카야만
0%
러시아-차운스카야만
0%
러시아-구시나야만
0%
러시아-하탕가만
0%
러시아-흐로마만
0%
러시아-올레뇨크만
0%
러시아-오물랴흐만
0%
러시아-파야시나만
0%
러시아-타우이만
0%
영국-카리브해
0%
No matching quizzes found
Score Distribution
Percent of People with Each Score
Percentile by Number Answered
Your Score History
You have not taken this quiz